000 00959nam a2200229Ia 4500
003 GCL
008 140319s9999 xx 000 0 ara d
020 _a9488700977
040 _aGCL /
_cGCL
082 0 4 _a621.38173
_bف ت
100 1 _aفاروق محمد العامرى
245 1 0 _aالتطبيقات العملية للدوائر الالكتروضوئية = PRACTICALAPPLICATIONS ON OPTELECTRONIC CIRCUITS :
_bالمدخل فى اصلاح وصيانة الاجهزة الالكترونية الحديثة حاليا ومستقبلا /
_cفاروق محمد العامرى
250 _aالاولى
260 _a[S.N] :
_bدار الفاروق للنشر والتوزيع ،
_c1993
490 _a
650 0 4 _aالاجهزة الالكترونية
650 0 4 _aالكهرباء
650 0 4 _aالدوائر الالكترونية
650 0 4 _aالالكترونات
650 0 4 _aالدوائر الكهربائية
942 _2ddc
_cBK
999 _c54881
_d54881